| 000 | 00531nam a2200217Ia 4500 | ||
|---|---|---|---|
| 003 | GCL | ||
| 008 | 140319s9999 xx 000 0 eng d | ||
| 040 |
_aGCL / _cGCL |
||
| 082 | 0 | 4 |
_a599.74428 _bC C |
| 100 | 1 | _aCUTTS, PADDY | |
| 245 | 1 | 0 |
_aCOMPLETE EAT BOOK / _cCUTTS, PADDY |
| 260 |
_a[S.N] : _bLORENZ BOOKS ، _c1995 |
||
| 300 | _a256 P | ||
| 650 | 0 | 4 | _aCATS DISEASES |
| 650 | 0 | 4 | _aCATTLE - BREEDING |
| 650 | 0 | 4 | _aANIMALS |
| 650 | 0 | 4 | _aANIMALS - CARE |
| 650 | 0 | 4 | _aCATS BREED |
| 650 | 0 | 4 | _aCAT - FOOD |
| 942 |
_2ddc _cBK |
||
| 999 |
_c14781 _d14781 |
||